1077 1869 1364 1694 1085 1800 1730 1641 1232 1796 1525 1115 1955 1110 1480 1108 1921 1274 1233 1717 1765 1203 1905 1012 1940 1702 1789 1905 1475 1906 1426 1512 1991 1631 1755 1542 1864 1014 1589 1905 1836 1993 1424 1366 1913 1854 1285 1685 1151 1499 1663 1427 1786 1294 1468 1903 1807 1929 1794 1130 1567 1044 1349 1127 1045 1408 1669 1235 1275 1829 1729 1048 1628 1767 1271 1127 1881 1690 1903 1731 1445 1656 1974 1568 1420 1994 1129 1686 1018 1178 1349 1127 1478 1460 1635 1327 1330 1192 1875 BCNSPRNW ULIB Ver.6.0+V

เปลี่ยนเป็นภาษาไทย

Change to English
 แสดงรายละเอียดบรรณานุกรม
  กลับหน้าหลัก

Brief Record : Get Marc (ISO 2709) : E-mail record : QR code < ปิดหน้าต่าง
LEADER : 00000nam 2200000uu 4500
001    13399124514
003     ULIB
008    150818s2551 th a 000 0 tha d
020    9789747074369
020    9747074362
090    นว.^bป553ร
100    กิ่งฉัตร
245    รหัสหัวใจ/^cกิ่งฉัตร
250    พิมพ์ครั้งที่ 5
260    กรุงเทพฯ :^bอรุณ,^c2551
300    578 หน้า;^b18.5 ซม.
500    นวนิยายลำดับที่ 45
710    อรุณ
945    ^p295^l0^i23106
999    ^aทศพร เกษรทอง
รายการนี้ยังไม่มีแท็ก
คุณยังไม่ได้ล็อกอิน คุณสามารถมีกิจกรรมร่วมกับเว็บไซต์ได้ แต่ต้องล็อกอินก่อน ::
  ล็อกอิน

รายการสื่อสารสนเทศ

ลำดับที่ ประเภท เลขเรียก/บาร์โค้ด สถานที่ สถานะ
1. นวนิยาย
นวนิยาย
นว. ป553ร ฉ.1 
  Barcode: 23106
ห้องสมุดวิทยาเขตนครสวรรค์
►นวนิยาย:l:Fiction
บนชั้น

รายการใกล้เคียง
    ผู้แต่ง [กิ่งฉัตร]

BibComment


ยังไม่เคยถูกคอมเมนท์

คอมเมนท์ทรัพยากรรายการนี้
  คอมเมนท์: รหัสหัวใจ กิ่งฉัตร


 Copyright 2026. Bcnsprnw @Library